Я познаю мир; Культура: Детская энциклопедия

Bibliografiske detaljer
Andre forfattere: Чудакова Н. В. (составитель)
Sprog:russisk
Udgivet: Москва, АСТ, 1998
Fag:
Format: MixedMaterials Bog
KOHA link:https://koha.lib.tpu.ru/cgi-bin/koha/opac-detail.pl?biblionumber=11251

MARC

LEADER 00000nam0a2200000 4500
001 11251
005 20231030183611.0
010 |a 5237014747 
035 |a (RuTPU)RU\TPU\book\11322 
035 |a BOOK00011388 
090 |a 11251 
100 |a 20011209d1998 еm y0rusy50020304ca 
101 0 |a rus 
102 |a RU 
105 |a y f 000zy 
200 1 |a Я познаю мир  |a Культура  |e Детская энциклопедия  |f Авт.-сост. Н. В. Чудакова 
210 |a Москва  |c АСТ  |d 1998 
215 |a 480 с. 
610 1 |a энциклопедии 
610 1 |a культура 
675 |a 087(03)  |v 3 
675 |a 087:37(03)  |v 3 
702 1 |a Чудакова  |b Н. В.  |4 220 
801 0 |a RU  |b 63413507  |c 20011209  |g PSBO 
801 2 |a RU  |b 63413507  |c 20030121  |g PSBO 
942 |c BK